| 000 | 00389cam a2200157ua 4500 | ||
|---|---|---|---|
| 003 | OSt | ||
| 008 | 241231b |||||||| |||| 00| 0 eng d | ||
| 041 | _aeng | ||
| 082 |
_a621.381 _bMAL/EL |
||
| 100 |
_aMalvino, Albert Paul . _9219 |
||
| 245 | _aElectronic principles / | ||
| 250 | _a4 / | ||
| 260 |
_aNew York : _bMc Graw Hill Book Company , _c1973. |
||
| 300 | _a975 ; . | ||
| 942 | _cBK | ||
| 999 |
_c1481 _d1481 |
||